|
|
|
|
| LEADER |
00000nab a22000001a 4500 |
| 001 |
vtls008997391 |
| 003 |
SK-MaSNL |
| 005 |
20260303065805.0 |
| 008 |
070608d19331202xo |r|p|||| |000 b|slo |
| 015 |
|
|
|a SNBRRBVU1918-1938
|
| 038 |
|
|
|a SNKBUCL
|
| 038 |
|
|
|a SNKBUVU
|
| 040 |
|
|
|a SNKBUVU
|b slo
|c SNKBUCL
|e AACR2
|
| 041 |
0 |
|
|a slo
|
| 044 |
|
|
|a xo
|c SK
|
| 080 |
|
|
|a 75.071.1:061.4
|2 1997
|
| 245 |
0 |
0 |
|a Výstava obrazov ...
|
| 500 |
|
|
|a V rubrike Denné zprávy
|
| 520 |
|
|
|a Oznam o pripravovanom konaní výstavy levickej maliarky Kataríny Csorbovej 3.12.-10.12.1933 v Leviciach
|
| 600 |
1 |
7 |
|a Csorbová, Katarína
|2 MM
|9 1066327
|
| 648 |
|
7 |
|a 1933
|2 MM
|9 299118
|
| 650 |
0 |
7 |
|a slovenské maliarstvo
|2 MM
|9 3124
|
| 650 |
0 |
7 |
|a výstavy
|2 snkbucl
|9 2780
|
| 651 |
|
7 |
|a Levice (Slovensko)
|2 MM
|9 55713
|
| 773 |
0 |
|
|t Južné Pohronie
|g Roč. 2, č. 49 (2.12.1933), s. 2
|
| 852 |
|
|
|a SNK
|b KIS3GCP
|
| 910 |
|
|
|a snkrbvumm
|
| 958 |
|
|
|a VY
|
| 999 |
|
|
|c 1752712
|d 1754642
|